000 00852nam a2200289 c 4500
003 BLK
005 20240509142216.0
008 180408b bul|||||r ||||||| ||bul||
010 _aKNG00053251000
020 _a3-411-04045-9
040 _aBLK
041 _aDEU
_cDEU
080 _aНемски език (високонемски, стандартен писмен)
_b811.112.2
_x-5(035)
_z811.112.2-5(035)
139 _aDUDEN
245 1 0 _aDUDEN
_bBd. 1-12
_nBd. 4
_pGrammatik der deutschen Sprache
260 _bDudenverlag
_c1985 -
300 _c19 cm
380 _a80
760 1 _d5. vollig
_h864 c
_tBd. 4 Grammatik der deutschen Sprache
852 _aЦб 187089
856 4 _qpdf
856 4 _qpdf
942 _cKNG
_n0
944 _aCR
_c01.01.1999
_k30556
_lТеодора Пейчева-Дянкова
944 _aED
_c13.02.2017
_kЛили_Борисова
999 _c49401
_d49401
999 _d49401